LEADER 01197nam a2200289 i 4500 001 000000166145 003 CaOOAMICUS 005 20161017000000.0 008 161017s2000 it u000 u ita u 013 $a143513 020 $a88-7016-352-0 040 $aSeMil$bita 100 1 $aGirardet, Giorgio <1919-2011>.$0(OLS)http://semarc/name/24289 245 10$aAppunti di teologia pastorale /$cGiorgio Girardet. 260 $aTorino :$bClaudiana,$c2000. 300 $a144 p. ;$c20 cm. 490 0 $aPiccola collana moderna ;$v87 490 0 $aPiccola collana moderna. Serie teologica 650 4$aTeologia pastorale.$0(OLS)http://semarc/subject/721 830 0$aPiccola collana moderna ;$v87.$0(OLS)http://semarc/title/7078 830 0$aPiccola collana moderna. Serie teologica.$0(OLS)http://semarc/title/30052 850 $aSeMil 852 $aSeMil$W1$xVenegono$y1$m2F III 443$j117316$B117316$CSeMilBibl$Z2$F214151 $81 961 $aOmaggio: Ravasi mons. Gianfranco 996 $6020$a88-7016-352-0$9(OLS)http://semarc/number/152629 996 $6245$aAppunti di teologia pastorale$9(OLS)http://semarc/title/237300 996 $6260$aTorino :$bClaudiana$9(OLS)http://semarc/publisher/29837 LEADER 01464nam a2200301 i 4500 001 000000124786 003 CaOOAMICUS 005 20050927000000.0 008 050927s1999 it u000 u ita u 013 $a97483 020 $a88-343-0199-4 040 $aSeMil$bita 100 1 $aGreco, Ondina.$0(OLS)http://semarc/name/51860 245 13$aLa doppia luna :$bTest dei confini e delle appartenenze familiari /$cOndina Greco ; [Prefazione di V. Cigoli ]. 260 $aMilano :$bVita e Pensiero,$cCopyr. 1999. 300 $a78 p. :$btabelle, grafici ;$c22 cm. 490 0 $aQuaderni del centro famiglia ;$v19 500 $aIn testa al front. : Università Cattolica del Sacro Cuore : Centro Studi e Ricerche sulla Famiglia. - Contiene : Bibliografia ; Appendice. - Fondo Card. C.M. Martini. 650 4$aPsicologia - Famiglia - Test.$0(OLS)http://semarc/subject/24145 700 1 $aCigoli, Vittorio <1942->.$0(OLS)http://semarc/name/3678 830 0$aQuaderni del centro famiglia ;$v19.$0(OLS)http://semarc/title/10679 850 $aSeMil 852 $aSeMil$W1$xVenegono$y1$m2E III 45$j79305$B79305$CSeMilBibl$Z2$F104035 $81 941 1 $a4 961 $aOmaggio: Martini Card. Carlo Maria 996 $6020$a88-343-0199-4$9(OLS)http://semarc/number/110595 996 $6245$aLa doppia luna :$bTest dei confini e delle appartenenze familiari$9(OLS)http://semarc/title/183667 996 $6260$aMilano :$bVita e Pensiero$9(OLS)http://semarc/publisher/29642